[Event "HCL-A2502"]
[Site "www.playchess.de"]
[Date "2006.01.05"]
[Round "2"]
[White "Alberto"]
[Black "Matu"]
[WhiteElo "1627"]
[BlackElo "1464"]
[PlyCount "92"]
[Result "0-1"]

1.Nf3 g6 2.g3 Bg7 3.Bg2 c6 4.O-O d5 5.d3 Nd7 
6.Nbd2 e5 7.c3 f5 8.e4 Ne7 9.Re1 O-O 10.exd5 cxd5 
11.Nf1 e4 12.dxe4 dxe4 13.Nd4 Nf6 14.Qb3+ Qd5 
15.Bf4 Qxb3 16.Nxb3 Ned5 17.Be5 Ng4 18.Bxg7 Kxg7 
19.h3 Ne5 20.Ne3 Nxe3 21.Rxe3 Nc4 22.Re2 Be6 
23.Nd4 Bf7 24.b3 Nd6 25.Rd1 Rad8 26.Red2 a6 
27.Ne6+ Bxe6 28.R2xd6 Rxd6 29.Rxd6 Kf6 30.Bf1 Ke5 
31.Rb6 Bc8 32.a4 Rd8 33.b4 Rd1 34.Kg2 {Merry 
Christmas}  Rc1 35.c4 Ra1 36.b5 Rxa4 37.bxa6 Rxa6 
38.Rb5+ Kf6 39.Rc5 Bd7 40.Rd5 Bc6 41.Rd6+ Ke7 
42.c5 Ra1 43.Bc4 e3+ 44.f3 b5 45.Bb3 Bd7 46.Rb6 
e2 0-1

[Event "HCL-A2465"]
[Site "www.playchess.de"]
[Date "2006.01.05"]
[Round "3"]
[White "player_reh"]
[Black "Marius_sah"]
[WhiteElo "1471"]
[BlackElo "1406"]
[PlyCount "62"]
[Result "0-1"]

1.d4 {greetings}  d5 {Hi. Good luck!}  2.e3 Nf6 
3.c4 e6 4.Bd2 b6 5.Bd3 Bb7 6.Nf3 Be7 7.O-O O-O 
8.Nc3 Nbd7 9.cxd5 exd5 10.Qc2 h6 11.e4 dxe4 
12.Nxe4 Re8 13.Rae1 Rc8 14.Bc3 Nxe4 15.Bxe4 Bxe4 
16.Qxe4 Nf6 17.Qh4 Nd5 18.Qh5 Nf6 19.Qh3 Bd6 
20.Rxe8+ Nxe8 21.d5 Bc5 22.Ne5 Nd6 23.Qf3 Qg5 
24.Nd3 Nb7 25.b4 Bd6 26.Re1 Rd8 27.Re4 Bf8 28.h4 
Qxd5 29.Qe2 Qxd3 30.Qxd3 Rxd3 31.Be1 
Nd6 0-1

[Event "HCL-E1479"]
[Site "www.playchess.de"]
[Date "2006.01.05"]
[Round "17"]
[White "pruliere"]
[Black "SSOF"]
[WhiteElo "1818"]
[BlackElo "1893"]
[PlyCount "49"]
[Result "1-0"]

1.d4 d5 2.c4 dxc4 3.Nf3 Nf6 4.a4 e5 5.e3 exd4 
6.Nxd4 c5 7.Nb5 Qxd1+ 8.Kxd1 Na6 9.Bxc4 Be7 10.Ke2 
O-O 11.b3 Rd8 12.Bb2 Nb4 13.Nc7 Rb8 14.Nc3 Bf5 
15.Rhd1 Bc2 16.Rxd8+ Rxd8 17.f3 Bd6 18.N7b5 Bxh2 
19.Nxa7 Nh5 20.Ne4 Bxe4 21.fxe4 Bb8 22.Nb5 b6 
23.a5 Ng3+ 24.Kf3 {congratulations for your 
promotion to Master level in the other 
tournament!}  h5 {Thank you but i'm going up and 
down. True Masters are realy quite stronger than 
me.}  25.a6 1-0

[Event "HCL-M846"]
[Site "www.playchess.de"]
[Date "2006.01.05"]
[Round "6"]
[White "genyes"]
[Black "AraujoHS"]
[WhiteElo "1935"]
[BlackElo "1953"]
[PlyCount "35"]
[Result "1-0"]

1.e4 {Looking forward to an interesting 
game.

Regards,

Edward}  e6 {Wish you good games! :) Kind regards, 
Helio}  2.d4 d5 3.Nc3 Bb4 4.e5 c5 5.Bd2 Ne7 6.Nb5 
Bxd2+ 7.Qxd2 cxd4 8.Nd6+ Kf8 9.f4 Nbc6 10.Nf3 Qa5 
11.Qxa5 Nxa5 12.Ng5 g6 13.Ngxf7 Rg8 14.Ng5 Bd7 
15.Nxh7+ Kg7 16.Nf6 Rgd8 17.b4 Nc4 
18.Bxc4 1-0

[Event "ACL-M082"]
[Site "www.playchess.de"]
[Date "2006.01.05"]
[Round "10"]
[White "The_Silencer"]
[Black "Cramneck"]
[WhiteElo "1877"]
[BlackElo "2132"]
[PlyCount "56"]
[Result "0-1"]

1.e4 g6 {Hi from England}  2.d4 {Best wishes from 
Johor Bahru, Malaysia}  Bg7 3.Nf3 d6 4.Nc3 Nf6 
5.Be2 O-O 6.O-O c6 7.h3 Nbd7 8.e5 Ne8 9.Re1 dxe5 
10.dxe5 Nc7 11.Bf1 b5 12.Qe2 b4 13.Nb1 Ba6 14.Qe4 
Bxf1 15.Kxf1 Nd5 16.e6 Nc5 17.exf7+ Rxf7 18.Qh4 
Qb6 19.Kg1 Raf8 20.Nbd2 R7f4 21.Qg3 a5 22.Rb1 Qa7 
23.Qh2 e5 24.Nf1 Rc4 25.Re2 Nf4 26.Bxf4 Rcxf4 
27.Ne3 Qf7 28.Ree1 e4 0-1

[Event "HCL-A2526"]
[Site "www.playchess.de"]
[Date "2006.01.05"]
[Round "11"]
[White "stevetilbury"]
[Black "Marius_sah"]
[WhiteElo "1523"]
[BlackElo "1403"]
[PlyCount "42"]
[Result "0-1"]

1.d4 d5 {Hi. Good luck!}  2.c4 e6 3.Nc3 {Thnaks, 
and yourself}  Nf6 4.Bg5 Nbd7 5.Nf3 c6 6.e3 Be7 
7.Bd3 O-O 8.O-O Re8 9.Qc2 Nf8 10.Rfd1 dxc4 11.Bxc4 
h6 12.Bh4 Ng6 13.Bg3 Bd6 14.Ne4 Nxe4 15.Qxe4 Bxg3 
16.hxg3 Qf6 17.Nh4 Nf8 18.Rac1 e5 19.Qf3 Qxf3 
20.Nxf3 Bg4 21.Be2 e4 0-1

[Event "HCL-A2547"]
[Site "www.playchess.de"]
[Date "2006.01.05"]
[Round "4"]
[White "tomy"]
[Black "scaper"]
[WhiteElo "1541"]
[BlackElo "1319"]
[PlyCount "57"]
[Result "1-0"]

1.e4 {bonjour}  c5 {bonsoir}  2.Nf3 e6 3.d4 cxd4 
4.Nxd4 Nf6 5.Be2 Nxe4 6.Qd3 d5 7.Nd2 Nf6 8.N2f3 
Bd6 9.O-O O-O 10.c4 Bc7 11.cxd5 Qxd5 12.Nb5 Qxd3 
13.Bxd3 Ne8 14.Be4 a6 15.Nxc7 Nxc7 16.Rd1 f5 
17.Bc2 Nc6 18.Bf4 Nd5 19.Bd6 Rd8 20.Ba3 b5 21.Bc5 
Bb7 22.Rde1 Rde8 23.Ng5 Nd8 24.Bxf5 Bc8 25.Bxh7+ 
Kh8 26.Bg6 Rg8 27.Re4 Nf4 28.Rxf4 e5 
29.Rh4+ 1-0

[Event "HCL-E1477"]
[Site "www.playchess.de"]
[Date "2006.01.05"]
[Round "2"]
[White "freno"]
[Black "Duke01"]
[WhiteElo "1606"]
[BlackElo "1746"]
[PlyCount "111"]
[Result "1-0"]

1.e4 {Hello from Paris}  c5 2.Nc3 a6 3.Bc4 b5 
4.Bd5 Ra7 5.e5 e6 6.Bf3 d5 7.exd6 Bxd6 8.d3 Nf6 
9.Nge2 O-O 10.O-O b4 11.Ne4 Nxe4 12.Bxe4 Nd7 
13.Ng3 Qh4 14.Qh5 Qxh5 15.Nxh5 Bb7 16.Bxb7 Rxb7 
17.Ng3 Bxg3 18.hxg3 Rd8 19.Be3 f6 20.Rfe1 e5 21.b3 
{(offering draw)}  Kf7 22.a4 Rc8 23.f3 Nb6 24.Kf2 
Nd5 25.Reh1 Nxe3 26.Kxe3 Kg6 27.Rh4 f5 28.Rc4 Rd7 
29.Rh1 Rd4 30.Rh4 h6 31.Kd2 Rxc4 32.Rxc4 h5 33.c3 
bxc3+ 34.Kxc3 a5 35.Rh4 Kg5 36.Rc4 Kf6 37.Rh4 g6 
38.Kc4 Ke6 39.Kb5 Kd5 40.Kxa5 Rb8 41.b4 Kc6 
42.bxc5 Kxc5 43.Rc4+ Kd5 44.Ka6 Rb3 45.Rc2 Kd4 
46.Rc6 g5 47.Rd6+ Ke3 48.Rd5 Kf2 49.Rxe5 Kxg2 
50.Rxf5 Kxg3 51.Rxg5+ Kh4 52.Rd5 Kg3 53.Rxh5 Kxf3 
54.a5 Kf4 55.d4 Ke4 56.d5 1-0

[Event "HCL-B3723"]
[Site "www.playchess.de"]
[Date "2006.01.05"]
[Round "5"]
[White "Grunert"]
[Black "ama49"]
[WhiteElo "939"]
[BlackElo "1187"]
[PlyCount "70"]
[Result "0-1"]

1.d4 d5 2.e3 Nc6 3.Nf3 Bg4 4.h3 Bh5 5.g4 Bg6 6.Bg2 
Nf6 7.O-O e6 8.Nc3 Be7 9.Bd2 O-O 10.a3 a6 11.b4 
Ne4 12.Nxe4 Bxe4 13.Bc3 h6 14.Rc1 b5 15.Nd2 Bxg2 
16.Kxg2 Na7 17.Nf3 c6 18.Bb2 a5 19.bxa5 Qxa5 
20.Ne5 Bxa3 21.Bxa3 Qxa3 22.Ra1 Qd6 23.c3 c5 
24.Qd2 c4 25.Ra5 Nc6 26.Rxb5 Nxe5 27.Qb2 Nd3 
28.Qb1 Rab8 29.Rxb8 Rxb8 30.Qa2 Rf8 31.Rd1 f5 
32.Rxd3 fxg4 33.hxg4 e5 34.dxe5 Qxe5 35.Qa5 
Qe4+ 0-1

[Event "HCL-M864"]
[Site "www.playchess.de"]
[Date "2006.01.05"]
[Round "3"]
[White "Gleis3"]
[Black "boniek"]
[WhiteElo "2025"]
[BlackElo "1810"]
[PlyCount "51"]
[Result "1-0"]

1.d4 {Auf ein gutes Spiel}  Nf6 {ach ich habe 
gedacht das du hollander wahr,auf ein gutes Spiel} 
 2.Bf4 e6 {aber ich bin einer}  3.Nf3 {ein 
Holländer oder was ?}  Nc6 {ja ein Hollander}  
4.e3 d5 5.Bd3 Be7 6.O-O O-O 7.Nc3 a6 8.a3 Bd6 
9.Bg5 h6 10.Bh4 Ne7 11.Bxf6 gxf6 12.e4 Ng6 13.exd5 
exd5 14.Nxd5 Bxh2+ 15.Nxh2 Qxd5 16.Re1 Nf4 17.Be4 
Qg5 18.Re3 Kh8 19.Rg3 Qh4 20.Nf3 Qh5 21.Qd2 Ng6 
22.c4 Rg8 23.Re1 c6 24.d5 Bd7 25.dxc6 bxc6 
26.Qxd7 1-0

[Event "HCL-B3780"]
[Site "www.playchess.de"]
[Date "2006.01.05"]
[Round "3"]
[White "romel"]
[Black "karpova"]
[WhiteElo "1200"]
[BlackElo "1530"]
[PlyCount "31"]
[Result "1-0"]

1.e4 g6 2.d4 Bg7 3.Nf3 c6 4.Bd3 d5 5.Nc3 Bg4 6.O-O 
Bxd4 7.Be2 Bxc3 8.bxc3 dxe4 9.Ne5 Bxe2 10.Qxe2 Qd5 
11.Nc4 Nf6 12.Bb2 Nbd7 13.Ne3 O-O-O 14.Nxd5 Nxd5 
15.c4 Nf4 16.Qg4 1-0

[Event "HCL-A2503"]
[Site "www.playchess.de"]
[Date "2006.01.05"]
[Round "20"]
[White "Marius_sah"]
[Black "yannick"]
[WhiteElo "1406"]
[BlackElo "1562"]
[PlyCount "110"]
[Result "0-1"]

1.e4 {Hi. Good luck!}  d6 {hi,good tournament}  
2.d4 Nf6 3.Nc3 g6 4.f4 Bg7 5.Nf3 O-O 6.Bd3 Bg4 
7.O-O Nc6 8.Be3 e5 9.fxe5 dxe5 10.d5 Nd4 11.Bxd4 
exd4 12.h3 dxc3 13.hxg4 cxb2 14.Rb1 Nxg4 15.Qe2 
Qd6 16.c4 Qc5+ 17.Kh1 Qe3 18.Qxe3 Nxe3 19.Rfe1 Ng4 
20.Kg1 Ne5 21.Be2 Nxf3+ 22.gxf3 Rad8 23.Bd3 Bd4+ 
24.Kf1 Rfe8 25.Ke2 Kg7 26.Bc2 Kf6 27.f4 Ke7 28.Kd3 
c5 29.e5 Rdb8 30.Bb3 h6 31.Ke4 f5+ 32.Kd3 h5 
33.Re2 b5 34.cxb5 Kf8 35.Bc4 g5 36.e6 gxf4 
37.Rbxb2 Bxb2 38.Rxb2 Rbd8 39.Rf2 Rxe6 40.Rxf4 Rf6 
41.Bb3 Ke7 42.Rh4 Rh6 43.Ra4 Rd7 44.Rf4 Kf6 45.Kc4 
Ke5 46.Rf1 Rxd5 47.Re1+ Kd6 48.Re8 Rd4+ 49.Kc3 Re4 
50.Rd8+ Kc7 51.Rf8 f4 52.a4 h4 53.a5 h3 54.Rf7+ 
Kd6 55.Bc4 h2 0-1

[Event "HCL-B3765"]
[Site "www.playchess.de"]
[Date "2006.01.05"]
[Round "6"]
[White "Korto"]
[Black "mib"]
[WhiteElo "1266"]
[BlackElo "863"]
[PlyCount "39"]
[Result "1-0"]

1.d4 d5 2.Nf3 Nc6 3.e3 Bg4 4.Nbd2 g6 5.c3 Qd7 
6.Bb5 O-O-O 7.O-O Kb8 8.Qb3 Bxf3 9.Nxf3 Bg7 10.Re1 
e6 11.e4 Nf6 12.Ne5 Qe8 13.Nxc6+ Kc8 14.Nxa7+ Kb8 
15.Bxe8 Nxe8 16.Nc6+ Kc8 17.Nxd8 Kxd8 18.Qxb7 Ke7 
19.exd5 Kf6 20.a4 1-0

[Event "HCL-A2537"]
[Site "www.playchess.de"]
[Date "2006.01.05"]
[Round "20"]
[White "Marius_sah"]
[Black "yannick"]
[WhiteElo "1453"]
[BlackElo "1635"]
[PlyCount "69"]
[Result "1-0"]

1.e4 {Hi. Good luck!}  d6 {same for you}  2.d4 Nf6 
3.Nc3 g6 4.Nf3 Nc6 5.d5 Ne5 6.Nxe5 dxe5 7.Bg5 h6 
8.Bxf6 exf6 9.Bb5+ Bd7 10.Bxd7+ Qxd7 11.O-O Be7 
12.Qd2 O-O-O 13.Ne2 f5 14.f3 fxe4 15.fxe4 f5 16.c4 
Bc5+ 17.Kh1 fxe4 18.b4 Be7 19.a3 Rdf8 20.Nc3 Bg5 
21.Qe2 e3 22.Ne4 Bf4 23.g3 Bg5 24.Nxg5 Rxf1+ 
25.Rxf1 hxg5 26.Qxe3 Qh3 27.Rf2 e4 28.Qxe4 g4 
29.Qe6+ Kb8 30.Qxg6 b5 31.c5 a5 32.d6 axb4 
33.dxc7+ Kb7 34.Qb6+ Kc8 35.c6 1-0

[Event "HCL-A2544"]
[Site "www.playchess.de"]
[Date "2006.01.05"]
[Round "18"]
[White "lunchpail"]
[Black "yannick"]
[WhiteElo "1315"]
[BlackElo "1588"]
[PlyCount "67"]
[Result "1/2-1/2"]

1.f4 d5 {hi again merry christmas}  2.b3 {holiday 
greetings, my old friend}  Nf6 {same here,I d'ont 
know this opening}  3.Bb2 {i don't really know 
this opening either.    :-)   something different} 
 Nc6 4.e3 Bf5 5.Nf3 e6 6.Bb5 Bc5 7.Bxc6+ bxc6 
8.O-O O-O 9.Nc3 Qd6 10.Kh1 Ba3 {happy new year}  
11.Bxa3 Qxa3 12.Ne2 {and to you, also, my good 
friend}  c5 13.Ng3 Bg4 14.h3 Bxf3 15.Qxf3 Qb2 
16.Rfc1 c6 17.Nh5 Ne4 18.d3 Nd6 19.Qg3 Nf5 20.Qf2 
Rab8 21.e4 Nd4 22.Qg3 Ne2 23.Qg4 Nxc1 24.e5 
{exciting finish!  :-)}  g6 {yes}  25.Nf6+ Kh8 
26.Qh4 h5 27.Qg5 Kg7 28.Nxh5+ {gonna be exciting!  
  :-)}  Kg8 {for you,I have a big pressure on me}  
29.Nf6+ {i have no clear win. i think it might be 
a draw by repitition}  Kg7 {perhaps,but  a mistake 
is always possible}  30.Nh5+ Kh7 31.Nf6+ Kg7 
32.Nh5+ Kh7 33.Nf6+ Kg7 34.Nh5+ {(offering draw)} 
 1/2-1/2

[Event "HCL-B3729"]
[Site "www.playchess.de"]
[Date "2006.01.05"]
[Round "16"]
[White "benace"]
[Black "quant"]
[WhiteElo "1647"]
[BlackElo "1456"]
[PlyCount "20"]
[Result "0-1"]

1.e4 e5 2.f4 exf4 3.Nf3 d6 4.Bc4 h6 5.Nc3 g5 6.d4 
Bg7 7.Qe2 Nc6 8.Bb5 Bd7 9.d5 Nd4 10.Nxd4 
Bxd4 0-1

[Event "HCL-B3759"]
[Site "www.playchess.de"]
[Date "2006.01.05"]
[Round "33"]
[White "GMO"]
[Black "bossjos"]
[WhiteElo "1364"]
[BlackElo "1262"]
[PlyCount "87"]
[Result "1-0"]

1.e4 e5 2.Bc4 Nf6 3.d3 Nc6 4.Nf3 d6 5.O-O Bg4 6.h3 
Bh5 7.Bg5 Be7 8.a3 h6 9.Bxf6 Bxf6 10.Nc3 O-O 
11.Bd5 Nd4 12.g4 Bg6 13.Nxd4 c6 14.Ba2 exd4 15.Ne2 
Qb6 16.Bb3 c5 17.Nf4 Bh7 18.Nd5 Qd8 19.Qf3 Be5 
20.Ba4 a6 21.Bb3 Qh4 22.Nb6 Rad8 23.Ba4 Kh8 24.Nd7 
Rfg8 25.Kg2 b5 26.Nxe5 dxe5 27.Bb3 Rgf8 28.Bd5 Rd6 
29.Qg3 Qe7 30.f4 exf4 31.Rxf4 Rf6 32.Raf1 Rxf4 
33.Qxf4 f6 34.e5 Bg8 35.Bxg8 Rxg8 36.exf6 gxf6 
37.Qxf6+ Qxf6 38.Rxf6 Re8 39.Kf2 Kg7 40.Rxa6 c4 
41.dxc4 bxc4 42.Rd6 Rb8 43.Rxd4 Rxb2 
44.Rxc4 1-0

[Event "HCL-E1525"]
[Site "www.playchess.de"]
[Date "2006.01.05"]
[Round "29"]
[White "Emerson"]
[Black "BohdanL"]
[WhiteElo "1802"]
[BlackElo "1499"]
[PlyCount "63"]
[Result "1-0"]

1.c4 {I´m glad to meet you again. Greetings from 
Dortmund to the Netherlands and - merry christmas! 
Norbert}  Nf6 {I am glad to play with you again 
too. Merry Christmass to you and Happpy 
New!!
(will you stay on-line during holidays?)}  2.Nc3 
{Thank you! I will stay online! But probably I 
cannot make my moves every day. 

Best wishes, Norbert}  d6 {Best wishes to you too, 
Bohdan}  3.g3 Nbd7 4.Bg2 c6 5.d3 e5 6.e4 Be7 
7.Nge2 O-O 8.O-O a6 9.f4 Ng4 10.h3 Qb6+ 11.c5 
Qxc5+ 12.d4 exd4 13.Na4 Qa7 14.Qxd4 Qxd4+ 15.Nxd4 
Ngf6 16.Nf5 Re8 17.Rd1 d5 18.e5 Nh5 19.g4 g6 
20.Nxe7+ Rxe7 21.gxh5 gxh5 22.Bd2 b5 23.Bb4 Re8 
24.Nc5 Nb6 25.b3 a5 26.Be1 Kh8 27.Bh4 h6 28.Kh2 
Rf8 29.Bf6+ Kh7 30.Bf1 Kg6 31.Bd3+ Bf5 
32.Rdg1+ 1-0

[Event "HCL-A2537"]
[Site "www.playchess.de"]
[Date "2006.01.05"]
[Round "21"]
[White "Matu"]
[Black "Marius_sah"]
[WhiteElo "1523"]
[BlackElo "1453"]
[PlyCount "88"]
[Result "0-1"]

1.Nf3 d5 {Hi. Good luck!}  2.b3 {hi and good luck} 
 c5 3.Bb2 Nc6 4.g3 Bg4 5.Bg2 Bxf3 6.Bxf3 e5 7.d3 
Nf6 8.e3 Bd6 9.O-O O-O 10.Nd2 Qc7 11.a3 Rad8 12.c4 
d4 13.exd4 exd4 14.Bxc6 Qxc6 15.Qf3 Qb6 16.Rfe1 
Rde8 17.Kf1 Nd7 18.Rxe8 Rxe8 19.Re1 Rxe1+ 20.Kxe1 
Ne5 21.Qe4 g6 22.f4 Ng4 23.Qe8+ Bf8 24.h3 Ne3 
25.Ke2 h5 26.Qe4 Nf5 27.Kf3 Ne3 28.Ke2 a5 29.Qe8 
Nf5 30.Kf3 Nd6 31.Qd7 Nf5 32.Qe8 Ne7 33.Qd7 Nc6 
34.a4 Nb4 35.Ke2 Nc2 36.Kd1 Ne3+ 37.Ke2 Bd6 38.Ne4 
Qxb3 39.Bxd4 cxd4 40.Qd8+ Bf8 41.Nf6+ Kg7 42.Qxd4 
Qd1+ 43.Kxe3 Qg1+ 44.Ke4 Qxd4+ 0-1

[Event "HCL-A2526"]
[Site "www.playchess.de"]
[Date "2006.01.05"]
[Round "13"]
[White "Sonea"]
[Black "Marius_sah"]
[WhiteElo "1288"]
[BlackElo "1403"]
[PlyCount "94"]
[Result "0-1"]

1.d3 {Hello again}  e5 {Hi. Good luck!}  2.Nd2 d5 
3.Ngf3 Nc6 4.e4 Nf6 5.c3 dxe4 6.dxe4 Bg4 7.Be2 Be7 
8.O-O O-O 9.Qc2 a6 10.Rd1 Bd6 11.Nf1 Qe7 12.Bg5 
Rad8 13.h3 Bh5 14.Ng3 Bg6 15.Bxf6 Qxf6 16.Bd3 Rd7 
17.Rd2 Rfd8 18.Rad1 Bc5 19.Qb1 h5 20.b4 Bb6 21.a4 
Qf4 22.Ne2 Qf6 23.Qc2 h4 24.b5 Nb8 25.c4 Bc5 
26.Nc3 c6 27.Bf1 R7xd2 28.Rxd2 Rxd2 29.Qxd2 Bh5 
30.Be2 Bxf3 31.Bxf3 Bd4 32.Ne2 c5 33.Nc1 b6 34.Nd3 
a5 35.Bg4 Kf8 36.Qe2 Qd6 37.Qf3 Nd7 38.Bxd7 Qxd7 
39.Qe2 {(offering draw)}  Qe6 40.Qc2 f5 41.exf5 
Qxf5 42.Qe2 e4 43.Ne1 Qf4 44.Kh1 Qxf2 45.Qxf2+ 
Bxf2 46.Nc2 e3 47.Kh2 e2 0-1

[Event "HCL-B3805"]
[Site "www.playchess.de"]
[Date "2006.01.05"]
[Round "6"]
[White "Skipper_Robert"]
[Black "newplayer"]
[WhiteElo "813"]
[BlackElo "1088"]
[PlyCount "85"]
[Result "1-0"]

1.d4 d5 2.Nc3 e6 3.e4 Bb4 4.Bd2 Bxc3 5.Bxc3 Nf6 
6.e5 Ne4 7.Bd3 Nxc3 8.bxc3 Qg5 9.g3 f6 10.Nf3 Qh5 
11.Ng1 Qxd1+ 12.Kxd1 fxe5 13.dxe5 g6 14.Nf3 O-O 
15.Be2 b6 16.Rf1 Ba6 17.Nd4 Bxe2+ 18.Kxe2 c5 
19.Nxe6 Rf7 20.Rad1 Re7 21.Nd8 Rxe5+ 22.Kd2 a5 
23.Rfe1 Rxe1 24.Rxe1 a4 25.a3 Kf8 26.Ne6+ Kf7 
27.Ng5+ Kg7 28.Re5 d4 29.cxd4 cxd4 30.Re7+ Kh6 
31.Nxh7 b5 32.g4 Nc6 33.Rc7 Ne5 34.g5+ Kh5 35.f4 
Nf3+ 36.Kd3 Kg4 37.Rf7 Rc8 38.f5 Nxg5 39.fxg6 Rg8 
40.Nf6+ Kh3 41.Nxg8 Nxf7 42.gxf7 Kxh2 {not good i 
say bye bye}  43.f8Q {hope we meet us again, bye} 
 1-0

[Event "HCL-A2486"]
[Site "www.playchess.de"]
[Date "2006.01.05"]
[Round "16"]
[White "Jule"]
[Black "Erik"]
[WhiteElo "1431"]
[BlackElo "1429"]
[PlyCount "88"]
[Result "1/2-1/2"]

1.e4 {Viel Spass bei dieser Partie}  e5 {Danke, 
ebenso. Und viel Glück!}  2.Nf3 Nc6 3.Bb5 Bd6 
4.O-O Nf6 5.d3 Nd4 6.Nxd4 exd4 7.Re1 Bb4 8.Bd2 
Bxd2 9.Nxd2 c6 10.Bc4 O-O 11.Nf3 d5 12.exd5 cxd5 
13.Bb3 Qb6 14.h3 Be6 15.Ng5 Rae8 16.Qd2 Qd6 17.c3 
dxc3 18.bxc3 b5 19.Nxe6 Rxe6 20.Rxe6 Qxe6 21.Re1 
Qc6 22.Kf1 a5 23.Bc2 a4 24.f3 Nh5 25.Kf2 Re8 
26.Rxe8+ Qxe8 27.d4 g6 28.g4 Ng7 29.Kg3 f6 30.h4 
Kf7 31.Bd3 Ne6 32.Qe2 Qb8+ 33.Kf2 Nf4 34.Qf1 Nxd3+ 
35.Qxd3 Qh2+ 36.Ke3 Qb8 {(offering draw)}  37.h5 
Qe8+ 38.Kd2 Qc6 39.hxg6+ hxg6 40.f4 Qc4 41.Qb1 Qc6 
42.Qb4 Qc4 43.a3 Qxb4 44.cxb4 Ke6 {(offering 
draw)}  1/2-1/2

[Event "HCL-C4013"]
[Site "www.playchess.de"]
[Date "2006.01.05"]
[Round "15"]
[White "Maneco"]
[Black "Walter2"]
[WhiteElo "800"]
[BlackElo "800"]
[PlyCount "44"]
[Result "1-0"]

1.e4 {Hello!!!}  Nf6 {Hello. How long were you 
play here?}  2.Nc3 d5 3.exd5 Nxd5 4.Nxd5 Qxd5 
5.Nf3 Bg4 6.Be2 Qe4 7.O-O Nc6 8.Re1 O-O-O 9.Ng5 
Qf5 10.Bxg4 Qxg4 11.Qxg4+ Rd7 12.Nxf7 h5 13.Qf3 
Nd4 14.Qh3 Rh7 15.Ne5 e6 16.Nxd7 Bd6 17.c3 Nc2 
18.Rxe6 Kd8 19.Qf5 Kxd7 20.Rh6+ Kc6 21.Rxh7 Nxa1 
22.Qe4+ Kd7 1-0

[Event "HCL-A2548"]
[Site "www.playchess.de"]
[Date "2006.01.05"]
[Round "1"]
[White "Miguelito"]
[Black "hal1958"]
[WhiteElo "1304"]
[BlackElo "1480"]
[PlyCount "85"]
[Result "1-0"]

1.Nf3 {gl}  d5 {have a nice game}  2.d4 {U2}  Bf5 
3.e3 e6 4.Nc3 a6 5.Bd3 Bxd3 6.Qxd3 Nf6 7.O-O c5 
8.e4 c4 {Merry XMAS}  9.Qe2 {:-) u2}  h6 10.exd5 
Nxd5 11.Qxc4 Nxc3 12.Qxc3 Be7 13.b3 O-O 14.Bb2 Bf6 
15.Rad1 Nc6 16.Rd2 Rc8 17.Rfd1 Ne7 18.Qe3 Nd5 
19.Qe4 Qa5 20.a4 b5 21.axb5 Qxb5 22.c4 Qxb3 
23.cxd5 Qxd5 24.Qxd5 exd5 25.Ne5 Rfe8 26.g3 a5 
27.Ra1 Rca8 28.Bc3 Re6 29.Rxa5 Rxa5 30.Bxa5 Bxe5 
31.dxe5 Rxe5 32.f4 Rf5 33.Kg2 g5 34.Kf3 h5 35.Bc3 
f6 36.Re2 Kf7 37.h3 d4 38.Bxd4 Rd5 39.Be3 Rd3 
40.Rd2 Ra3 41.f5 g4+ 42.hxg4 hxg4+ 
43.Kf4 1-0

[Event "HCL-C3968"]
[Site "www.playchess.de"]
[Date "2006.01.05"]
[Round "16"]
[White "cla114"]
[Black "Kelthek"]
[WhiteElo "869"]
[BlackElo "800"]
[PlyCount "60"]
[Result "0-1"]

1.e4 e5 2.Nf3 Nc6 3.Nc3 d6 4.Nd5 Nf6 5.d3 Bg4 
6.Bg5 Nd4 7.Be2 Be7 8.Nxf6+ Bxf6 9.O-O Nxf3+ 
10.Bxf3 Bxf3 11.Qxf3 Bxg5 12.c4 Bf4 13.Rae1 Qf6 
14.b4 Qh4 15.g3 Qh3 16.Qg2 Qg4 17.gxf4 Qg6 18.fxe5 
dxe5 19.c5 O-O 20.Qxg6 fxg6 21.b5 b6 22.cxb6 cxb6 
23.a4 a5 24.f3 g5 25.Rec1 Rad8 26.Rc3 Rf6 27.Rc7 
Rxd3 28.Kg2 Rd2+ 29.Kh1 Rh6 30.Rg1 
Rhxh2+ 0-1

[Event "HCL-C4071"]
[Site "www.playchess.de"]
[Date "2006.01.05"]
[Round "6"]
[White "Gordon"]
[Black "reinfeld"]
[WhiteElo "961"]
[BlackElo "799"]
[PlyCount "21"]
[Result "1-0"]

1.e4 d5 2.exd5 Qxd5 3.Nc3 Qd8 4.d4 b6 5.Qf3 c6 
6.Bc4 Nf6 7.Nge2 e6 8.O-O Be7 9.Qg3 O-O 10.Bh6 Re8 
11.Qxg7+ 1-0

[Event "HCL-C3994"]
[Site "www.playchess.de"]
[Date "2006.01.05"]
[Round "3"]
[White "Ulpe"]
[Black "jayr015"]
[WhiteElo "800"]
[BlackElo "760"]
[PlyCount "39"]
[Result "1-0"]

1.e4 e5 {Good Luck!}  2.Nf3 Nc6 3.Bb5 Nf6 4.O-O 
Nxe4 5.d4 a6 6.Ba4 b5 7.Bb3 Bd6 8.dxe5 Bxe5 9.Nxe5 
Nxe5 10.Qd5 O-O 11.Qxe4 Nc6 12.Nc3 Re8 13.Bg5 Ne7 
14.Qxa8 c6 15.Rfe1 Kf8 16.Bxe7+ Rxe7 17.Rxe7 Kxe7 
18.Re1+ Kf8 19.Ne4 g6 20.Nd6 1-0

[Event "HCL-A2540"]
[Site "www.playchess.de"]
[Date "2006.01.05"]
[Round "2"]
[White "sparpaket"]
[Black "HOTSUN"]
[WhiteElo "1535"]
[BlackElo "1603"]
[PlyCount "57"]
[Result "1-0"]

1.e4 {Hi!}  e5 {hi again}  2.Nf3 Nc6 3.d4 exd4 
4.c3 dxc3 5.Bc4 d6 6.Nxc3 Na5 7.Bxf7+ Kxf7 8.Qd5+ 
Be6 9.Qxa5 Be7 10.Bf4 c6 11.Qa4 b5 12.Qc2 Nf6 
13.Rd1 h6 14.e5 Nd5 15.Nxd5 cxd5 16.O-O Rf8 17.Qh7 
Rh8 18.Qd3 a6 19.exd6 Bxd6 20.Ne5+ Bxe5 21.Bxe5 
Re8 22.f4 g6 23.Qg3 Rc8 24.h4 h5 25.f5 Bxf5 
26.Rxf5+ gxf5 27.Qg7+ Ke6 28.Re1 d4 
29.Bc7+ 1-0

[Event "HCL-A2486"]
[Site "www.playchess.de"]
[Date "2006.01.05"]
[Round "9"]
[White "organic"]
[Black "SWGeneral"]
[WhiteElo "1345"]
[BlackElo "1313"]
[PlyCount "43"]
[Result "1-0"]

1.e4 {Hallo! Viel Erfolg während dieser Partie!}  
e5 {Hi! Danke, viel Glück.}  2.Nf3 Nc6 3.d4 exd4 
4.Nxd4 Nxd4 5.Qxd4 Qf6 6.e5 Qe6 7.Bc4 Qc6 8.O-O 
Qc5 9.Be3 Qxd4 10.Bxd4 Ne7 11.Nc3 Nc6 12.Rad1 Bb4 
13.a3 Ba5 14.f4 Nxd4 15.Rxd4 Bb6 16.Ne2 Bxd4+ 
17.Nxd4 O-O 18.f5 Kh8 19.e6 dxe6 20.fxe6 f6 21.Nb5 
c6 22.Nd6 1-0

[Event "HCL-C4013"]
[Site "www.playchess.de"]
[Date "2006.01.05"]
[Round "8"]
[White "willi_weizenkeim"]
[Black "Maneco"]
[WhiteElo "1041"]
[BlackElo "800"]
[PlyCount "80"]
[Result "0-1"]

1.c4 {bom dia}  e5 {Tudo bem? Tenha um bom jogo!}  
2.Nc3 {boa sorte !}  Nf6 {Pra você também!}  3.Nf3 
{obrigado !}  Nc6 {Como vc aprendeu a falar 
português?}  4.e4 d6 5.d4 {i donot speak much, the 
most i write is translated by babelfish :-)}  Bg4 
6.Be2 Bxf3 7.d5 Bxe2 8.Qxe2 Nd4 9.Qd3 Be7 10.O-O 
O-O 11.f4 Ng4 12.f5 Bg5 13.Ne2 Bxc1 14.Raxc1 Nxe2+ 
15.Qxe2 Qh4 16.h3 Nf6 17.c5 Nxe4 18.Rc4 Ng3 19.Qd3 
Qg5 20.Rf3 Nh5 21.Rg4 Qc1+ 22.Kh2 Nf6 23.Rb4 Qxc5 
24.Rc4 Qxd5 25.Qxd5 Nxd5 26.g4 c5 27.Rd3 Nb6 
28.Rc2 Rad8 29.b3 a5 30.h4 e4 31.Re3 Rfe8 32.Kg3 
Nd5 33.Ree2 b5 34.g5 Re5 35.Kg4 Nb4 36.Rc3 Nd5 
37.Rcc2 Ne7 38.Ref2 e3 39.Rfe2 Nxf5 40.h5 
Nd4 0-1

[Event "HCL-A2482"]
[Site "www.playchess.de"]
[Date "2006.01.05"]
[Round "5"]
[White "scylla"]
[Black "padre"]
[WhiteElo "1451"]
[BlackElo "1383"]
[PlyCount "67"]
[Result "1-0"]

1.c4 c5 2.Nf3 Nc6 3.g3 g6 4.Bg2 Bg7 5.Nc3 e5 6.d3 
Nf6 7.O-O d6 8.Bg5 h6 9.Bxf6 Bxf6 10.Nd5 Be6 
11.Nd2 O-O 12.Ne4 Bg7 13.Ne3 Qd7 14.Nc3 Ne7 
15.Ned5 Nxd5 16.Nxd5 Rab8 17.f4 b5 18.cxb5 Rxb5 
19.fxe5 Bxe5 20.Rb1 Bxd5 21.Bxd5 Rxb2 22.Rxb2 Bxb2 
23.Qb3 Bd4+ 24.Kh1 Kg7 25.e4 f5 26.Be6 Qc6 27.Bd5 
Qd7 28.Be6 Qe7 29.exf5 Rf6 30.Qb8 h5 31.Rf4 Qf8 
32.Qxa7+ Kh8 33.fxg6 Qg7 34.Qb8+ 1-0

[Event "HCL-A2543"]
[Site "www.playchess.de"]
[Date "2006.01.05"]
[Round "36"]
[White "hal1958"]
[Black "bossjos"]
[WhiteElo "1483"]
[BlackElo "1202"]
[PlyCount "37"]
[Result "1-0"]

1.b4 {hallo Jos, welkom bij onze 15de partij}  f5 
{zoveel ??}  2.Bb2 d5 3.e3 Nf6 4.Nf3 g6 5.c4 Bg7 
6.cxd5 Qxd5 7.Nc3 Qd8 8.Bc4 e6 9.O-O O-O 10.Qb3 
Qe7 11.Ne2 h6 12.Nf4 Kh7 13.Bxe6 Nc6 14.a3 Nd8 
15.Bxc8 Rxc8 16.Rac1 c6 17.Ne5 Re8 18.Nexg6 Qe4 
19.d3 1-0

[Event "HCL-A2520"]
[Site "www.playchess.de"]
[Date "2006.01.05"]
[Round "10"]
[White "pop3dan"]
[Black "manolo_vs"]
[WhiteElo "1900"]
[BlackElo "1556"]
[PlyCount "63"]
[Result "1-0"]

1.e4 e5 2.Nf3 Nc6 3.Bb5 a6 4.Ba4 b5 5.Bb3 Na5 6.d3 
Nxb3 7.axb3 d6 8.h3 Bb7 9.O-O Be7 10.c3 Nf6 11.Re1 
O-O 12.Nbd2 Re8 13.Nf1 Rc8 14.Ng3 c6 15.Nf5 Bf8 
16.Bg5 g6 17.Nh6+ Kg7 18.Qd2 Qd7 19.Bxf6+ Kxf6 
20.Qg5+ Kg7 21.Nh4 Kh8 22.N4f5 Qe6 23.Ne3 Bxh6 
24.Qxh6 Qxb3 25.Ng4 Re6 26.Re3 Rg8 27.Rf3 f5 
28.exf5 gxf5 29.Nf6 Rg7 30.Rg3 Ree7 31.c4 Qxb2 
32.Qxh7+ 1-0